Podnikanie u nás a vo svete

Pohľad na zaujímavé trhy pre podnikateľov v zahraničí. Analýza destinácii v Ázii.

Guardado en:
Detalles Bibliográficos
Autor principal: Lucina, Radovan
Formato: Capítulo de libro
Lenguaje:eslovaco
Materias:
Etiquetas: Agregar Etiqueta
Sin Etiquetas, Sea el primero en etiquetar este registro!

MARC

LEADER 00000naa a2200000 4500
001 0197404
005 20230912114626.0
041 0 |a slo 
044 |a SK 
245 1 0 |a Podnikanie u nás a vo svete  |c Radovan Lucina 
520 |a Pohľad na zaujímavé trhy pre podnikateľov v zahraničí. Analýza destinácii v Ázii. 
610 2 0 |a podnikanie 
610 2 0 |a podnikatelia 
610 2 0 |a prostredie podnikateľské 
610 2 0 |a zvyklosti kultúrne 
100 1 |a Lucina, Radovan